| 000 | 00683nam a2200181 4500 | ||
|---|---|---|---|
| 008 | 030829s1992 us eng | ||
| 020 | _a0449903974 | ||
| 090 |
_aTL540.W7 _bW43 |
||
| 100 | 1 | _aWelch, Becky | |
| 245 | 1 | 0 |
_aThe wright brothers : _bconquering the sky / _cBecky Welch. |
| 260 |
_aNew York : _bFawcett Columbine, _cc1992. |
||
| 300 |
_a120 p. : _bills. |
||
| 490 | 1 | _aGreat lives famous explorer | |
| 600 | 1 | 4 |
_aWright, Orville, 1871-1948 _xJuvenile literature. |
| 600 | 1 | 4 |
_aWright, wilbur, 1867-1912 _xJuvenile literature. |
| 651 | 4 |
_aAeronautics _zUnited States _xBiography _xJuvenile literature. |
|
| 951 |
_p26167 _x00025735 _oTL540.W7/W43 _j070613111310156 _d2000-12-21 _cGC |
||
| 999 |
_c16864 _d16864 |
||